_Active Server pages in 24 hours (Record no. 12489)
[ view plain ]
| 000 -LEADER | |
|---|---|
| fixed length control field | 00382nam a2200133Ia 4500 |
| 008 - FIXED-LENGTH DATA ELEMENTS--GENERAL INFORMATION | |
| fixed length control field | 151021s9999 xx 000 0 und d |
| 050 ## - LIBRARY OF CONGRESS CALL NUMBER | |
| Classification number | TK 5105.8885.A26W548 1999 |
| 245 ## - TITLE STATEMENT | |
| Title | _Active Server pages in 24 hours |
| 260 ## - PUBLICATION, DISTRIBUTION, ETC. (IMPRINT) | |
| Place of publication, distribution, etc. | U.S.A Sams Publishing 1999 |
| 300 ## - PHYSICAL DESCRIPTION | |
| Extent | xv,477p,;ill |
| 650 ## - SUBJECT ADDED ENTRY--TOPICAL TERM | |
| Topical term or geographic name as entry element | _Data Driven |
| 700 ## - ADDED ENTRY--PERSONAL NAME | |
| Personal name | _Koller christian |
| 980 ## - EQUIVALENCE OR CROSS-REFERENCE-SERIES STATEMENT--PERSONAL NAME/TITLE [LOCAL, CANADA] | |
| Personal name | ^d20140203 12:27:18^oanne |
No items available.